[Event "SLO-ch blind int 8th"]
[Site "Izola"]
[Date "2009.06.19"]
[Round "6"]
[White "Eros, Pal"]
[Black "Grigorchuk, Sergey"]
[Result "0-1"]
[WhiteElo "2068"]
[BlackElo "2255"]
[PlyCount "56"]
[EventDate "2009.06.15"]
[EventType "swiss"]
[EventRounds "7"]
[EventCountry "SLO"]
[SourceTitle "EXT 2011"]
[Source "ChessBase"]
[SourceDate "2010.11.26"]
[SourceVersion "1"]
[SourceVersionDate "2010.11.26"]
[SourceQuality "1"]

1. e4 e6 2. d4 d5 3. Nd2 Nf6 4. e5 Nfd7 5. Bd3 c5 6. c3 Nc6 7. Ne2 cxd4 8. cxd4 Qb6 9. Nf3 f6 10. exf6 Nxf6 11. Nc3 Bd6 12. 0-0 0-0 13. Na4 Qc7 14. Bg5 e5 15. dxe5 Nxe5 16. Nxe5 Bxe5 17. h3 Bh2+ 18. Kh1 Bf4 19. Bxf4 Qxf4 20. Nc3 Kh8 21. Be2 d4 22. Nb5 Rd8 23. Qc1 Qh4 24. Qc7 Bxh3 25. gxh3 Qe4+ 26. Kg1 Qxe2 27. Nd6 Rd7 28. Qc5 Qe7 0-1

[Event "SLO-ch blind int 8th"]
[Site "Izola"]
[Date "2009.06.17"]
[Round "3"]
[White "Eros, Pal"]
[Black "Olsar, Jaroslav"]
[Result "1/2-1/2"]
[WhiteElo "2068"]
[BlackElo "2318"]
[PlyCount "101"]
[EventDate "2009.06.15"]
[EventType "swiss"]
[EventRounds "7"]
[EventCountry "SLO"]
[SourceTitle "EXT 2011"]
[Source "ChessBase"]
[SourceDate "2010.11.26"]
[SourceVersion "1"]
[SourceVersionDate "2010.11.26"]
[SourceQuality "1"]

1. d4 Nf6 2. c4 e6 3. Nf3 b6 4. Bg5 Bb7 5. e3 h6 6. Bh4 Be7 7. Nc3 0-0 8. Bd3 d5 9. 0-0 Nbd7 10. Rc1 c5 11. Qe2 Ne4 12. Bxe7 Qxe7 13. Rfd1 Rfd8 14. cxd5 Nxc3 15. Rxc3 Bxd5 16. a3 Qf6 17. Bc2 cxd4 18. Rxd4 Rdc8 19. Rxc8+ Rxc8 20. e4 Ne5 21. Nxe5 Qxe5 22. Rb4 Bb7 23. h3 Qf4 24. Qd1 Qc7 25. Bd3 Rd8 26. Qc2 Qd6 27. Rb3 e5 28. Rc3 Rd7 29. f3 g6 30. Bb5 Qd4+ 31. Kh2 Re7 32. Rd3 Qc5 33. Qxc5 bxc5 34. Rc3 Kg7 35. Rxc5 f5 36. Bd3 Kf6 37. exf5 gxf5 38. Kg3 Rg7+ 39. Kf2 Re7 40. Rc3 Rg7 41. Bb5 Re7 42. Bc6 Rc7 43. Bxb7 Rxb7 44. b4 a5 45. Rc6+ Kg7 46. bxa5 Rb3 47. Re6 Rb5 48. a6 Ra5 49. a7 Rxa3 50. Rxe5 Kf6 51. Rb5 1/2-1/2

[Event "SLO-ch blind int 8th"]
[Site "Izola"]
[Date "2009.06.17"]
[Round "4"]
[White "Eros, Pal"]
[Black "Wassin, Sergej"]
[Result "0-1"]
[WhiteElo "2068"]
[BlackElo "2251"]
[PlyCount "154"]
[EventDate "2009.06.15"]
[EventType "swiss"]
[EventRounds "7"]
[EventCountry "SLO"]
[SourceTitle "EXT 2011"]
[Source "ChessBase"]
[SourceDate "2010.11.26"]
[SourceVersion "1"]
[SourceVersionDate "2010.11.26"]
[SourceQuality "1"]

1. e4 c5 2. Nf3 Nc6 3. d4 cxd4 4. Nxd4 Qb6 5. Nb3 Nf6 6. Nc3 e6 7. Bd3 a6 8. 0-0 Qc7 9. Bg5 Be7 10. f4 d6 11. Qf3 Nb4 12. Rac1 Bd7 13. Kh1 Rc8 14. h3 0-0 15. Qf2 Bc6 16. a3 Nxd3 17. cxd3 b5 18. Nd4 Bb7 19. Nce2 Qd7 20. Rxc8 Rxc8 21. Rc1 Rxc1+ 22. Nxc1 h6 23. Bh4 Qc7 24. Ncb3 Kf8 25. Qc2 Qxc2 26. Nxc2 g5 27. fxg5 Nd7 28. Bg3 hxg5 29. Ne3 Nb6 30. e5 dxe5 31. Bxe5 Nd5 32. Nxd5 Bxd5 33. Nd2 f6 34. Bc3 Kf7 35. Kg1 e5 36. Kf2 Bc5+ 37. Kg3 Be3 38. Nf3 Ke6 39. h4 Bf4+ 40. Kh3 gxh4 41. Nxh4 Bc6 42. Kg4 Bc1 43. Kg3 Kd5 44. Kf2 Bd7 45. Nf3 Bf5 46. Ke2 Bf4 47. Bd2 Bg3 48. Bc3 Bg6 49. Be1 Bxe1 50. Nxe1 e4 51. dxe4+ Kxe4 52. Nd3 a5 53. Kd2 Bf7 54. Ne1 Bc4 55. Nc2 Bb3 56. Ne3 Kf4 57. Ke2 Kg3 58. Kf1 Be6 59. Kg1 Ba2 60. Nd1 Bd5 61. Nc3 Bc6 62. Ne2+ Kg4 63. Kf2 Bd5 64. Nc3 Bc4 65. g3 Kf5 66. Ke3 Ke5 67. b3 Bf1 68. Ne4 Bg2 69. Nc3 Bc6 70. b4 a4 71. Kd3 Bg2 72. Ke3 Bf1 73. Ne4 Kf5 74. Nd2 Bg2 75. Nb1 Kg4 76. Kf2 Be4 77. Nc3 Bd3 0-1

[Event "SLO-ch blind int 7th"]
[Site "Izola"]
[Date "2007.06.18"]
[Round "7"]
[White "Vojan, Istvan"]
[Black "Eros, Pal"]
[Result "1/2-1/2"]
[WhiteElo "2066"]
[BlackElo "2089"]
[PlyCount "33"]
[EventDate "2007.06.13"]
[EventType "swiss"]
[EventRounds "7"]
[EventCountry "SLO"]
[SourceTitle "EXT 2023"]
[Source "ChessBase"]
[SourceDate "2022.10.05"]
[SourceVersion "1"]
[SourceVersionDate "2022.10.05"]
[SourceQuality "1"]

1. e4 c5 2. Nf3 d6 3. d4 cxd4 4. Nxd4 Nf6 5. Nc3 e5 6. Nb3 Nc6 7. Bg5 Be7 8. Qd2 Be6 9. Rd1 a6 10. Be2 Qc7 11. Bxf6 gxf6 12. Nd5 Bxd5 13. exd5 Nb8 14. Bd3 Nd7 15. 0-0 0-0-0 16. c4 Kb8 17. Rc1 1/2-1/2

[Event "IBCA-ol blind 12th"]
[Site "La Pineda"]
[Date "2004.11.07"]
[Round "5.3"]
[White "Eros, Pal"]
[Black "Jadhav, Charudatta"]
[Result "1-0"]
[WhiteElo "2087"]
[BlackElo "2012"]
[PlyCount "80"]
[EventDate "2004.11.03"]
[EventType "team-swiss"]
[EventRounds "9"]
[EventCountry "ESP"]
[SourceTitle "EXT 2010"]
[Source "ChessBase"]
[SourceDate "2010.11.25"]
[SourceVersion "1"]
[SourceVersionDate "2010.11.25"]
[SourceQuality "1"]
[WhiteTeam "Hungary (blind)"]
[BlackTeam "India (blind)"]
[WhiteTeamCountry "HUN"]
[BlackTeamCountry "IND"]

1. d4 d5 2. Nf3 c6 3. c4 e6 4. e3 Nf6 5. Nc3 Nbd7 6. Bd3 Bd6 7. 0-0 0-0 8. e4 dxe4 9. Nxe4 Nxe4 10. Bxe4 Nf6 11. Bc2 a6 12. Qd3 g6 13. Bg5 Be7 14. Rad1 Qc7 15. Ne5 c5 16. Qf3 Kg7 17. Qf4 Nh5 18. Bh6+ Kg8 19. Qf3 Ng7 20. Rfe1 f5 21. dxc5 Bxc5 22. Qc3 Qe7 23. a3 Qh4 24. Be3 Bxe3 25. Qxe3 f4 26. Qd4 Nf5 27. Bxf5 exf5 28. Nf3 Qf6 29. Qxf4 Be6 30. Rd6 Rad8 31. Rdxe6 Qxb2 32. Re7 Qf6 33. Qc7 b6 34. Rxh7 g5 35. Rh5 Rf7 36. Rxg5+ Kh8 37. Qg3 Rh7 38. Qe5 Qxe5 39. Nxe5 Rg7 40. Rxf5 Rdg8 1-0

[Event "IBCA-ol blind 12th"]
[Site "La Pineda"]
[Date "2004.11.03"]
[Round "1.3"]
[White "Eros, Pal"]
[Black "Vulin, Milorad"]
[Result "1/2-1/2"]
[WhiteElo "2087"]
[BlackElo "2135"]
[PlyCount "116"]
[EventDate "2004.11.03"]
[EventType "team-swiss"]
[EventRounds "9"]
[EventCountry "ESP"]
[SourceTitle "EXT 2010"]
[Source "ChessBase"]
[SourceDate "2010.11.25"]
[SourceVersion "1"]
[SourceVersionDate "2010.11.25"]
[SourceQuality "1"]
[WhiteTeam "Hungary (blind)"]
[BlackTeam "Yugoslavia (blind)"]
[WhiteTeamCountry "HUN"]
[BlackTeamCountry "YUG"]

1. d4 Nf6 2. c4 g6 3. Nc3 Bg7 4. e4 d6 5. Nf3 0-0 6. Bg5 c5 7. d5 b5 8. cxb5 a6 9. bxa6 Qa5 10. Qd2 Bxa6 11. Bxa6 Qxa6 12. Qe2 Qxe2+ 13. Kxe2 Nbd7 14. Rab1 Rfb8 15. Rhc1 h6 16. Bd2 Rb4 17. a3 Rb3 18. Be1 Rab8 19. Rc2 Ng4 20. h3 Ngf6 21. Nd2 R3b7 22. b3 Ne8 23. a4 Nc7 24. Na2 Na6 25. f4 f5 26. Bh4 Kf7 27. Kf3 fxe4+ 28. Kxe4 g5 29. fxg5 hxg5 30. Bxg5 Kg6 31. h4 Bf6 32. Rf1 Bxg5 33. hxg5 Kxg5 34. Rf5+ Kg6 35. Kf4 Nf6 36. Rg5+ Kf7 37. Rc4 Rg8 38. Rxg8 Nxd5+ 39. Kg5 Kxg8 40. Nc3 Nxc3 41. Rxc3 Nc7 42. Ne4 Kg7 43. Rg3 Rb4 44. Kf5+ Kf8 45. Ng5 Ke8 46. Ne6 Kd7 47. Nf8+ Kc6 48. Re3 Nd5 49. Rf3 c4 50. bxc4 Rxc4 51. g4 Rxa4 52. g5 Ra8 53. Ne6 Kd7 54. g6 Nf6 55. g7 Rg8 56. Nf8+ Ke8 57. Kg6 Rxf8 58. gxf8Q+ Kxf8 1/2-1/2

[Event "IBCA EU-ch blind 03rd"]
[Site "Mondariz"]
[Date "2003.09.03"]
[Round "6"]
[White "Nemes, Gyorgy"]
[Black "Eros, Pal"]
[Result "1/2-1/2"]
[WhiteElo "2045"]
[BlackElo "2141"]
[PlyCount "33"]
[EventDate "2003.08.27"]
[EventType "swiss"]
[EventRounds "9"]
[EventCountry "ESP"]
[SourceTitle "EXT 2004"]
[Source "ChessBase"]
[SourceDate "2003.11.25"]
[SourceVersion "1"]
[SourceVersionDate "2003.11.25"]
[SourceQuality "1"]

1. e4 e6 2. d4 d5 3. Nd2 Nf6 4. e5 Nfd7 5. Bd3 c5 6. c3 Nc6 7. Ne2 Qb6 8. Nf3 cxd4 9. cxd4 f6 10. exf6 Nxf6 11. 0-0 Bd6 12. Re1 0-0 13. a3 Bd7 14. Bc2 e5 15. dxe5 Nxe5 16. Nxe5 Bxe5 17. Be3 1/2-1/2

[Event "IBCA EU-ch blind 03rd"]
[Site "Mondariz"]
[Date "2003.09.01"]
[Round "5"]
[White "Eros, Pal"]
[Black "Wassin, Sergej"]
[Result "0-1"]
[WhiteElo "2141"]
[BlackElo "2303"]
[PlyCount "80"]
[EventDate "2003.08.27"]
[EventType "swiss"]
[EventRounds "9"]
[EventCountry "ESP"]
[SourceTitle "EXT 2004"]
[Source "ChessBase"]
[SourceDate "2003.11.25"]
[SourceVersion "1"]
[SourceVersionDate "2003.11.25"]
[SourceQuality "1"]

1. d4 Nf6 2. Nf3 c5 3. d5 d6 4. c4 b5 5. cxb5 a6 6. bxa6 Bxa6 7. Nc3 g6 8. g3 Bg7 9. Bg2 Nbd7 10. 0-0 0-0 11. Qc2 Nb6 12. Nd2 Nc4 13. Nxc4 Bxc4 14. Rd1 Qa5 15. Bd2 Rfb8 16. b3 Ba6 17. Ne4 Qb5 18. Nc3 Qb7 19. Rab1 Qc7 20. Bf3 Ra7 21. e4 Nd7 22. Be2 Bxe2 23. Nxe2 Rab7 24. Bc3 Bxc3 25. Qxc3 Rb4 26. Qe3 Qa5 27. Ra1 Qa6 28. Rdc1 Ne5 29. f4 Ng4 30. Qf3 Nf6 31. Nc3 c4 32. e5 dxe5 33. fxe5 Ng4 34. Kg2 cxb3 35. axb3 Qb6 36. Re1 Rc8 37. e6 f5 38. Na4 Qd4 39. Rac1 Rxc1 40. Rxc1 Qd2+ 0-1

[Event "IBCA EU-ch blind 03rd"]
[Site "Mondariz"]
[Date "2003.08.30"]
[Round "3"]
[White "Eros, Pal"]
[Black "Zoltek, Tadeusz"]
[Result "1/2-1/2"]
[WhiteElo "2141"]
[BlackElo "2310"]
[PlyCount "50"]
[EventDate "2003.08.27"]
[EventType "swiss"]
[EventRounds "9"]
[EventCountry "ESP"]
[SourceTitle "EXT 2004"]
[Source "ChessBase"]
[SourceDate "2003.11.25"]
[SourceVersion "1"]
[SourceVersionDate "2003.11.25"]
[SourceQuality "1"]

1. d4 d5 2. Nf3 Nf6 3. Bf4 e6 4. e3 Bd6 5. Nbd2 Bxf4 6. exf4 c5 7. c3 cxd4 8. Nxd4 0-0 9. Bd3 Qd6 10. g3 Nc6 11. N2f3 Nxd4 12. Nxd4 e5 13. fxe5 Qxe5+ 14. Qe2 Qg5 15. f4 Qh6 16. 0-0 Re8 17. Qc2 Bd7 18. Rfe1 g6 19. Bb5 Qh3 20. Qg2 Qxg2+ 21. Kxg2 Bxb5 22. Nxb5 a6 23. Nd4 Kf8 24. Rad1 Rac8 25. h3 Rxe1 1/2-1/2

[Event "IBCA Wch blind 10th"]
[Site "Istanbul"]
[Date "2002.11.24"]
[Round "5"]
[White "Eros, Pal"]
[Black "Debowska, Teresa"]
[Result "1/2-1/2"]
[WhiteElo "2100"]
[BlackElo "1800"]
[PlyCount "154"]
[EventDate "2002.11.20"]
[EventType "swiss"]
[EventRounds "9"]
[EventCountry "TUR"]
[SourceTitle "EXT 2004"]
[Source "ChessBase"]
[SourceDate "2003.11.25"]
[SourceVersion "1"]
[SourceVersionDate "2003.11.25"]
[SourceQuality "1"]

1. e4 c5 2. Nf3 Nc6 3. d4 cxd4 4. Nxd4 g6 5. c4 Bg7 6. Be3 Nf6 7. Nc3 Ng4 8. Qxg4 Nxd4 9. Qd1 Ne6 10. Qd2 Qa5 11. Be2 b6 12. 0-0 Bb7 13. Rfd1 d6 14. f3 g5 15. a3 Bxc3 16. bxc3 f6 17. Rab1 Bc6 18. Qb2 Qe5 19. Bd4 Nxd4 20. cxd4 Qf4 21. Qc3 g4 22. g3 Qh6 23. c5 Ba4 24. Bb5+ Bxb5 25. Rxb5 Rc8 26. fxg4 Qg5 27. Qd3 Qxg4 28. e5 fxe5 29. dxe5 dxc5 30. Qd5 Qf5 31. Rbb1 Rf8 32. Rf1 Qg4 33. Rxf8+ Kxf8 34. Rf1+ Kg7 35. Rf4 Qg6 36. Qb7 Qe8 37. Qxa7 Rc6 38. Qa4 Qd7 39. Rg4+ Kh8 40. Qf4 Qd4+ 41. Qxd4 cxd4 42. Rxd4 Rc5 43. Re4 e6 44. Kf2 Kg7 45. Kf3 Kg6 46. Kf4 b5 47. a4 bxa4 48. Rxa4 h5 49. Re4 Rc2 50. h4 Rf2+ 51. Ke3 Rf1 52. Rf4 Re1+ 53. Kd4 Rd1+ 54. Kc4 Rc1+ 55. Kd3 Rc6 56. Rf6+ Kg7 57. Ke4 Rc4+ 58. Kf3 Rc3+ 59. Kf4 Rc4+ 60. Kg5 Rg4+ 61. Kxh5 Rxg3 62. Rxe6 Kf7 63. Rf6+ Ke7 64. Rg6 Re3 65. e6 Re5+ 66. Kh6 Ra5 67. Kh7 Rh5+ 68. Rh6 Re5 69. h5 Rg5 70. Kh8 Rf5 71. Rh7+ Kxe6 72. h6 Rf8+ 73. Kg7 Rf7+ 74. Kg6 Rxh7 75. Kxh7 Kf7 76. Kh8 Kf8 77. h7 Kf7 1/2-1/2

[Event "IBCA Wch blind 10th"]
[Site "Istanbul"]
[Date "2002.11.22"]
[Round "3"]
[White "Eros, Pal"]
[Black "Orvisky, Vladimir"]
[Result "0-1"]
[WhiteElo "2100"]
[BlackElo "1800"]
[PlyCount "78"]
[EventDate "2002.11.20"]
[EventType "swiss"]
[EventRounds "9"]
[EventCountry "TUR"]
[SourceTitle "EXT 2004"]
[Source "ChessBase"]
[SourceDate "2003.11.25"]
[SourceVersion "1"]
[SourceVersionDate "2003.11.25"]
[SourceQuality "1"]

1. d4 d5 2. Nf3 Nf6 3. c4 c6 4. Nc3 dxc4 5. a4 Bf5 6. e3 e6 7. Bxc4 Bb4 8. 0-0 0-0 9. Qe2 Nbd7 10. Rd1 Be7 11. e4 Bg6 12. Bf4 Re8 13. h3 h6 14. Rac1 Rc8 15. Ne5 Bh7 16. Qf3 Nxe5 17. Bxe5 Bg6 18. Ba2 Nd7 19. Bf4 Bg5 20. Qg3 Bh4 21. Qg4 h5 22. Qf3 Qe7 23. e5 Bg5 24. Bb1 Bxf4 25. Qxf4 Bxb1 26. Rxb1 Nb6 27. Ne4 Red8 28. Qf3 g6 29. Nf6+ Kg7 30. Rd3 Nd5 31. Ne4 b6 32. Nd6 Rc7 33. Rc1 f6 34. exf6+ Nxf6 35. Nc4 Rf8 36. Ne5 Nd5 37. Qg3 Nf4 38. Re3 h4 39. Qg4 Qe8 0-1

[Event "IBCA Wch blind 10th"]
[Site "Istanbul"]
[Date "2002.11.20"]
[Round "1"]
[White "Eros, Pal"]
[Black "Thomsson, Hakan"]
[Result "1/2-1/2"]
[WhiteElo "2100"]
[BlackElo "1800"]
[PlyCount "81"]
[EventDate "2002.11.20"]
[EventType "swiss"]
[EventRounds "9"]
[EventCountry "TUR"]
[SourceTitle "EXT 2004"]
[Source "ChessBase"]
[SourceDate "2003.11.25"]
[SourceVersion "1"]
[SourceVersionDate "2003.11.25"]
[SourceQuality "1"]

1. d4 Nf6 2. c4 c5 3. d5 b5 4. cxb5 a6 5. bxa6 Bxa6 6. Nc3 d6 7. Nf3 g6 8. g3 Bg7 9. Bg2 0-0 10. 0-0 Nbd7 11. Qc2 Qc7 12. Re1 Rfb8 13. Bg5 Nb6 14. e4 Ng4 15. Rad1 Bc8 16. Bc1 Nd7 17. h3 Nge5 18. Nxe5 Bxe5 19. a3 c4 20. Kh2 Nc5 21. Bf1 Qd7 22. f4 Bg7 23. Qg2 Ba6 24. e5 dxe5 25. fxe5 Nd3 26. Bxd3 cxd3 27. Qf2 Bc4 28. Qf4 Rc8 29. Re4 Qc7 30. d6 exd6 31. exd6 Qc6 32. d7 Rc7 33. Re8+ Rxe8 34. dxe8Q+ Qxe8 35. Qxc7 Bxc3 36. Rg1 Bd5 37. Rg2 Bxg2 38. Qxc3 Qe2 39. Qd2 Be4+ 40. Qxe2 dxe2 41. Bd2 1/2-1/2

[Event "IBCA WorldCup 4th fin-B"]
[Site "Gelsenkirchen"]
[Date "2001.08.11"]
[Round "8.1"]
[White "Eros, Pal"]
[Black "Cajzler, Hinko"]
[Result "0-1"]
[WhiteElo "2129"]
[BlackElo "2210"]
[PlyCount "122"]
[EventDate "2001.08.09"]
[EventType "team"]
[EventRounds "3"]
[EventCountry "GER"]
[SourceTitle "EXT 2005"]
[Source "ChessBase"]
[SourceDate "2004.11.15"]
[SourceVersion "1"]
[SourceVersionDate "2004.11.15"]
[SourceQuality "1"]

1. e4 c5 2. Nf3 e6 3. g3 Nc6 4. Bg2 g6 5. 0-0 Bg7 6. c3 e5 7. d3 d6 8. Nbd2 Nge7 9. Nb3 0-0 10. Be3 b6 11. Qd2 a5 12. a4 Be6 13. c4 Bg4 14. Bh6 Bxf3 15. Bxf3 Qd7 16. Bxg7 Kxg7 17. Qg5 Nb4 18. Bg4 Qe8 19. Qd2 f5 20. Bf3 f4 21. g4 g5 22. Bd1 Ng6 23. f3 Rh8 24. Rf2 h5 25. Be2 hxg4 26. fxg4 Rh4 27. Qd1 Qd7 28. Bf3 Rah8 29. Qe2 Rh3 30. Qf1 Kg8 31. Nc1 Rxf3 32. Rxf3 Qxg4+ 33. Kh1 Nc2 34. Rb1 Nd4 35. Rf2 f3 36. Na2 Ne2 37. Rxf3 Ng3+ 38. Rxg3 Qxg3 39. Qg2 Qxd3 40. Rg1 Kf7 41. Nc3 Nf4 42. Qg4 Qh3 43. Qxh3 Nxh3 44. Rf1+ Ke6 45. Nd5 Nf4 46. Nxb6 Rb8 47. Nd5 Rxb2 48. Nc7+ Ke7 49. Rd1 Nh3 50. Re1 g4 51. Nd5+ Ke6 52. Nc7+ Kd7 53. Nd5 Ke6 54. Nc7+ Kf7 55. Nd5 Ng5 56. Nc3 Rc2 57. Re3 Nf3 58. Ne2 Rxc4 59. h3 Ng5 60. hxg4 Nxe4 61. Rf3+ Kg6 0-1

[Event "IBCA WorldCup 4th prel-B"]
[Site "Gelsenkirchen"]
[Date "2001.08.08"]
[Round "5.1"]
[White "Eros, Pal"]
[Black "Dukaczewski, Piotr"]
[Result "0-1"]
[WhiteElo "2129"]
[BlackElo "2335"]
[PlyCount "78"]
[EventDate "2001.08.04"]
[EventType "team"]
[EventRounds "5"]
[EventCountry "GER"]
[SourceTitle "EXT 2005"]
[Source "ChessBase"]
[SourceDate "2004.11.15"]
[SourceVersion "1"]
[SourceVersionDate "2004.11.15"]
[SourceQuality "1"]

1. e4 c5 2. Nc3 Nc6 3. g3 g6 4. Bg2 Bg7 5. Nge2 d6 6. 0-0 e6 7. d3 Nge7 8. Be3 Nd4 9. Qd2 0-0 10. f4 Rb8 11. Nd1 d5 12. g4 Nxe2+ 13. Qxe2 d4 14. Bf2 f5 15. Bh4 fxg4 16. Qxg4 e5 17. Qg3 Qd6 18. Bg5 Nc6 19. Qh4 Bd7 20. fxe5 Rxf1+ 21. Kxf1 Bxe5 22. Kg1 Rf8 23. b3 Bf4 24. Nb2 Qe5 25. Bxf4 Qxf4 26. Qxf4 Rxf4 27. a3 Kg7 28. Nc4 Be6 29. Nd2 Ne5 30. Rf1 Rxf1+ 31. Nxf1 Bg4 32. b4 cxb4 33. axb4 Bd1 34. Ng3 b6 35. h3 a5 36. bxa5 bxa5 37. Kf2 a4 38. Ke1 a3 39. Kxd1 a2 0-1

[Event "IBCA WorldCup 4th prel-B"]
[Site "Gelsenkirchen"]
[Date "2001.08.06"]
[Round "3.1"]
[White "Eros, Pal"]
[Black "Mlacnik, Franc"]
[Result "1-0"]
[WhiteElo "2129"]
[BlackElo "2125"]
[PlyCount "109"]
[EventDate "2001.08.04"]
[EventType "team"]
[EventRounds "5"]
[EventCountry "GER"]
[SourceTitle "EXT 2005"]
[Source "ChessBase"]
[SourceDate "2004.11.15"]
[SourceVersion "1"]
[SourceVersionDate "2004.11.15"]
[SourceQuality "1"]

1. e4 c5 2. Nf3 Nc6 3. d4 cxd4 4. Nxd4 Nf6 5. Nc3 e5 6. Ndb5 d6 7. Bg5 a6 8. Bxf6 gxf6 9. Na3 Be6 10. Nc4 Rc8 11. Ne3 Bh6 12. Ncd5 Bxe3 13. Nxe3 b5 14. c3 Na5 15. Qd2 Qb6 16. Rd1 Ke7 17. b4 Nc4 18. Bxc4 bxc4 19. Nd5+ Bxd5 20. Qxd5 Qc6 21. 0-0 Rhg8 22. Rd2 Qxd5 23. Rxd5 Ke6 24. Rfd1 Rc6 25. g3 h5 26. Kg2 h4 27. a4 hxg3 28. fxg3 Rg6 29. Kf3 f5 30. exf5+ Kxf5 31. h3 Ke6 32. g4 f5 33. b5 axb5 34. Rxb5 fxg4+ 35. hxg4 e4+ 36. Kf4 Rc7 37. g5 Rcg7 38. Rdd5 Rf7+ 39. Kxe4 Rf1 40. Ke3 Kd7 41. Rd4 Re6+ 42. Kd2 Rf2+ 43. Kd1 Rf1+ 44. Kc2 Re2+ 45. Rd2 Ree1 46. Rb4 Rc1+ 47. Kb2 Rb1+ 48. Ka3 Ra1+ 49. Ra2 d5 50. Rb6 d4 51. Rxa1 Rxa1+ 52. Kb2 Rg1 53. cxd4 Rxg5 54. Kc3 Ra5 55. Rb4 1-0